00739nam a2200253 a 4500001001300000003000900013005001700022008004100039020001000080082001900090100001600109245005100125260005900176300000900235500003500244505001000279650001900289650003400308700001600342902000800358942000700366952009900373999001300472nice12345678IN_TiNIC20260116011314.0050524s1970 bana grp 000 0 eng  ac10000a230.0954bTHO1 aThomas, M M aAcknowledged Christ of the Indian Renaissance. aBangalorebChristian Instt.For Study of Religionc1970 a346p aincludes index and biblioraphy2 aIndex aTheology-India aChristianity and Rammohan Roy1 aThomas, M M bSRS cBK 00104070aHMIbHMId2012-03-02g100.00l0o230.0954 THO1p03860r2012-03-02w2026-01-16yEB c358d358